| 000 | 00633nam a2200229Ia 4500 | ||
|---|---|---|---|
| 003 | OSt | ||
| 005 | 20220918203011.0 | ||
| 006 | a|||||r|||| 00| 0 | ||
| 007 | ta | ||
| 008 | 220917b |||||||| |||| 00| 0 eng d | ||
| 024 | _a105,387 | ||
| 037 | _cTextual | ||
| 040 |
_aARTS _cARTS _beng |
||
| 041 |
_2eng _aeng |
||
| 082 | _aV3:211:N2, J3 | ||
| 100 |
_aConnell Brian _9106297 |
||
| 245 | 0 |
_aManifest destiny _b a study in five profiles of the rise and influence of the Mountbatten family |
|
| 260 | _c1953 | ||
| 650 | _aHISTORY | ||
| 942 |
_hV3:211:N2, J3 _cTEXL _2CC |
||
| 999 |
_c228746 _d228746 |
||